000 00490nam a2200169Ia 4500
008 220216s9999 xx 000 0 und d
100 _aChen E T
245 0 _aDevelopment of analytical methods for quantification of residual powder on powderless latex gloves
260 _bJournal.Test. Eval
_c1996
300 _a229-236
500 _aSource Year: 1997
650 _aPowderless latex gloves
700 _aHughes-Dillin K
700 _aSchroeder L W
856 _uIRRDB
942 _cJS
999 _c56984
_d56984